000 00369nam a2200157Ia 4500
003 OSt
005 20240209102807.0
008 170523s9999 xx 000 0 und d
020 _a9788187368755
040 _ciimt university meerut
100 _aTRIPATHI- RAMESH
245 0 _aPATRKARITA KE SIDDHANT
260 _bRADHA PUBLICATION
260 _c1995
942 _2ddc
_c02
999 _c443
_d443